1805 1682 1809 1723 1012 1338 1610 1534 1048 1475 1264 1582 1287 1111 1881 1594 1924 1150 1537 1282 1618 1873 1517 1927 1781 1454 1576 1037 1875 1517 1632 1440 1386 1289 1463 1473 1192 1309 1752 1273 1637 1578 1763 1074 1764 1391 1702 1952 1421 1011 1812 1966 1831 1713 1510 1114 1714 1358 1307 1113 1024 1466 1336 1816 1658 1642 1311 1474 1882 1723 1174 1538 1529 1365 1329 1907 1983 1080 1790 1075 1723 1918 1325 1175 1580 1599 1736 1643 1032 1101 1486 1715 1380 1787 1692 1618 1580 1448 1928 BCNSPRNW ULIB Ver.6.0+V

เปลี่ยนเป็นภาษาไทย

Change to English
 แสดงรายละเอียดบรรณานุกรม
  กลับหน้าหลัก

Brief Record : Get Marc (ISO 2709) : E-mail record : QR code < ปิดหน้าต่าง
LEADER : 00000nam 2200000uu 4500
001    13399122799
003     ULIB
008    130930s2549||||th 000 0 tha d
020    ^a9748133524
060  4 ^aWA774^bย546ก
100    ^aเยาวรัตน์ ปรปักษ์ขาม
245    ^aการสำรวจสภาวะสุขภาพอนามัยของประชาชนไทย โดยการตรวจร่างกาย ครั้งที่ 3 พ.ศ.2546-2547 /^cเยาวรัตน์ ปรปักษ์ขาม
260    ^aกรุงเทพมหานคร :^bสถาบันวิจัยระบบสาธารณสุข ,^c2549
300    ^a267 หน้า :^b30 ซม.
650    ^aสุขภาพอนามัย
710 1  กระทรวงสาธารณสุข^bสำนักนโยบายและยุทธศาสตร์.^bสถาบันวิจัยระบบสาธารณสุข.
945    ^p0^l0^i20237
945    ^p0^l0^i20238
999    ^aทศพร เกษรทอง
รายการนี้ยังไม่มีแท็ก
คุณยังไม่ได้ล็อกอิน คุณสามารถมีกิจกรรมร่วมกับเว็บไซต์ได้ แต่ต้องล็อกอินก่อน ::
  ล็อกอิน

รายการสื่อสารสนเทศ

ลำดับที่ ประเภท เลขเรียก/บาร์โค้ด สถานที่ สถานะ
- ไม่พบข้อมูล -

รายการใกล้เคียง
    ผู้แต่ง [เยาวรัตน์ ปรปักษ์ขาม]

    หัวเรื่อง [สุขภาพอนามัย]

BibComment


ยังไม่เคยถูกคอมเมนท์

คอมเมนท์ทรัพยากรรายการนี้
  คอมเมนท์: การสำรวจสภาวะสุข..


 Copyright 2026. Bcnsprnw @Library